000 00930nam a22002297a 4500
999 _c7891
_d7891
003 AR-CdUCM
008 190321b ||||| |||| 00| 0 spa d
040 _aMUNICIPALIDAD PROVINCIAL DEL CUSCO
_cBIBLIOTECA MUNICIPAL DEL CUSCO
082 _a373 /
_bC35
100 _aCastro de Amato, Laura
_922310
245 _aDesarrollo pedagógico práctico :
_bpara grados superiores /
260 _aBuenos Aires :
_bRuy Diaz,
300 _a243 páginas ;
_c23 cm.
505 _aContenido: La tarea educativa en los grados superiores de la escuela primaria -- La enseñanza de la historia en los grados superiores del ciclo primario -- Lenguaje -- Area del estudio sistematico del lenguaje -- Area de la expresión ...
650 _aPedagogía
_91560
650 _aEducación
_9460
650 _aEnseñanza
_91616
700 _aSperoni, Nelly de
_922311
700 _aCastro de Amato, Laura
_922310
942 _2ddc
_cLIBROS
945 _aafb